Alice in Borderland Games - Statistics

General Stats
  • This quiz has been taken 129 times
  • The average score is 15 of 30
Answer Stats
Game Type Dificulty Game % Correct
Heart 7 Hide and Seek
82%
Club K Osmosis
80%
Spade 5 Tag
79%
Heart Q Croquet
78%
Diamond K Beauty Contest
75%
Club 3 Dead or Alive
72%
Heart 10 Witch Hunt
72%
Diamond 4 Light bulb
67%
Heart J Solitary Confinement
65%
Club 4 Distance
62%
Spade Q Checkmate
61%
Spade K Survival
58%
- Semi-final Kick the can
54%
Spade 2 Human Elevator
52%
- - Zombie Hunt
51%
Spade 7 Boiling Death
47%
- Final Future Sugoroku
45%
Diamond J Mahjong
41%
Club Q Target
38%
- Semi-final Tokyo Bingo Tower
38%
- - Runaway Train
36%
- - Sacred Fortunes
36%
- - Old maid
34%
Spade 6 Beast Hunter
32%
Club 2 Hunting Competition
27%
Club J Bagworm
26%
Heart K Silent
26%
Club 10 Bingo at the Match Factory
25%
Spade J Champion
20%
- - Lasers
15%
No matching quizzes found
Score Distribution
Percent of People with Each Score
Percentile by Number Answered
Your Score History
You have not taken this quiz